[Event "Senta op-B 17th"]
[Site "Senta"]
[Date "2013.07.18"]
[Round "7"]
[White "Sakac, Elemer"]
[Black "Uveric, Nebojsa"]
[Result "1-0"]
[WhiteElo "1877"]
[BlackElo "1479"]
[PlyCount "55"]
[EventDate "2013.07.13"]
[EventType "swiss"]
[EventRounds "9"]
[EventCountry "SRB"]
[SourceTitle "EXT 2014"]
[Source "ChessBase"]
[SourceDate "2013.11.20"]
[SourceVersion "1"]
[SourceVersionDate "2013.11.20"]
[SourceQuality "1"]

1. d4 d5 2. c4 e6 3. Nc3 Nf6 4. Nf3 Nc6 5. Bf4 a6 6. h3 Be7 7. cxd5 Nxd5 8. Bh2 0-0 9. e4 Nb6 10. Be2 f5 11. 0-0 f4 12. Qd2 g5 13. Rfd1 Bf6 14. e5 Bg7 15. Bd3 Qe8 16. Nxg5 h6 17. Nh7 Rf5 18. Bxf5 exf5 19. Nf6+ Bxf6 20. exf6 Qf7 21. Bxf4 Qxf6 22. b3 Kh7 23. Bxc7 Nd7 24. Qe3 Nf8 25. d5 Ne7 26. Be5 Qg6 27. Bd4 Ng8 28. Qe5 1-0

[Event "Subotica-ch op "]
[Site "Subotica"]
[Date "2007.03.09"]
[Round "9"]
[White "Sakac, Elemer"]
[Black "Avram, Veso"]
[Result "0-1"]
[WhiteElo "1900"]
[BlackElo "2146"]
[PlyCount "81"]
[EventDate "2007.02.19"]
[EventType "swiss"]
[EventRounds "9"]
[EventCountry "YUG"]
[SourceTitle "EXT 2008"]
[Source "ChessBase"]
[SourceDate "2007.11.25"]
[SourceVersion "1"]
[SourceVersionDate "2007.11.25"]
[SourceQuality "1"]

1. d4 Nf6 2. c4 e5 3. dxe5 Ng4 4. e4 Nxe5 5. f4 Ng6 6. Nf3 Bc5 7. a3 a5 8. Nc3 Nc6 9. Nd5 d6 10. Be2 Bg4 11. Ng5 Bxe2 12. Qxe2 Nd4 13. Qd3 c6 14. Nc3 Nb3 15. Rb1 Nxc1 16. Rxc1 Nxf4 17. Qg3 Nd3+ 18. Qxd3 Qxg5 19. Rc2 0-0 20. Re2 Rae8 21. Kd1 Re5 22. Kc2 f5 23. h4 Qg4 24. h5 h6 25. Rh3 f4 26. Nd1 Rxh5 27. Nf2 Bxf2 28. Rxf2 Rxh3 29. gxh3 Qg3 30. Rf3 Qg2+ 31. Kb3 Qg6 32. Qe2 Qe6 33. Qd3 b5 34. Kc3 Qxc4+ 35. Qxc4+ bxc4 36. Kxc4 g5 37. Kd4 Kg7 38. e5 dxe5+ 39. Kxe5 Kg6 40. h4 Re8+ 41. Kd6 0-1

[Event "Subotica-ch op "]
[Site "Subotica"]
[Date "2007.02.26"]
[Round "4"]
[White "Sakac, Elemer"]
[Black "Bosnjak, Slobodan"]
[Result "0-1"]
[WhiteElo "1900"]
[BlackElo "2014"]
[PlyCount "60"]
[EventDate "2007.02.19"]
[EventType "swiss"]
[EventRounds "9"]
[EventCountry "YUG"]
[SourceTitle "EXT 2008"]
[Source "ChessBase"]
[SourceDate "2007.11.25"]
[SourceVersion "1"]
[SourceVersionDate "2007.11.25"]
[SourceQuality "1"]

1. d4 d5 2. c4 c6 3. Nc3 e6 4. cxd5 cxd5 5. Nf3 Nc6 6. Bf4 Qa5 7. a3 a6 8. b4 Qb6 9. e3 Bd7 10. Bd3 Rc8 11. Rc1 Nxb4 12. Ne5 Nxd3+ 13. Nxd3 Bxa3 14. 0-0 Bxc1 15. Qxc1 Bb5 16. Rd1 Bxd3 17. Rxd3 Nf6 18. Qd1 0-0 19. Na4 Qa5 20. Nc5 b6 21. Nb7 Qa2 22. Rd2 Qc4 23. Nd6 Qc1 24. Nxc8 Qxd1+ 25. Rxd1 Rxc8 26. Be5 Ne4 27. f3 Nc3 28. Rd2 Rc4 29. Kf2 a5 30. Kg3 b5 0-1